RCD Espanyol Squad 2024-2025 - Statistics

General Stats
  • This quiz has been taken 161 times
    62 since last reset
  • The average score is 19 of 29
Answer Stats
# Position Nation Player % Correct
1 GK Spain Joan García
100%
7 FW Spain Javi Puado
87%
20 MF Czech Republic Alex Král
84%
- Coach Spain Manolo González
84%
2 FW Spain Roberto Fernández
84%
6 DF Uruguay Leandro Cabrera
82%
22 DF Spain Carlos Romero
76%
4 DF Albania Marash Kumbulla
76%
8 MF Spain Edu Expósito
74%
23 DF Morocco Omar El Hilali
74%
5 DF Spain Fernando Calero
71%
3 DF Spain Sergi Gómez
71%
9 FW Argentina Alejo Veliz
68%
13 GK Spain Fernando Pacheco
68%
17 FW Spain Jofre Carreras
68%
16 FW Morocco Walid Cheddira
68%
11 FW Spain Pere Milla
63%
10 MF Spain Pol Lozano
63%
14 DF Spain Brian Oliván
58%
24 FW France Irvin Cardona
53%
12 DF Spain Álvaro Tejero
50%
31 FW Spain Antoniu Roca
50%
19 MF Spain Urko González de Zarate
50%
18 MF Spain Álvaro Aguado
47%
33 GK Spain Ángel Fortuño
45%
15 MF Spain José Gragera
42%
37 FW Turkey Naci Ünüvar
39%
19 FW Spain Salvi Sánchez
39%
24 DF Spain Pablo Ramón
24%
No matching quizzes found
Score Distribution
Percent of People with Each Score
Percentile by Number Answered
Your Score History
You have not taken this quiz since the last reset